000
00315nam a2200109Ia 4500
008
220214s9999 xx 000 0 und d
100
_a
Poldervaart A
245
0
_a
Bullock cart or the Tjikar as road destroyer
260
_b
Pamphlet (translated from the journal De Bergcultures)
_c
1938
300
_a
28p
942
_c
RE
999
_c
45788
_d
45788